=LDR 00000nam 2200000 4500 =001 INLIS000000000022722 =005 20130612121442 =008 ***********************************Ind** =035 ##$$0010-061300000022722 =041 ##$$a Ind =082 ##$$a 671.52 =090 ##$$a 671.52, Suh-t =100 ##$$a Suharto =245 ##$$a Teknologi pengelasan logam, Suharto =260 ##$$a 1991 $b Jakarta =300 ##$$a xiii, 142 hlm., ilus., 21cm =650 ##$$a Teknik las =850 ##$$a NBPNMAT